000 02701cam a22006377i 4500
001 3935
003 FISKH
005 20250602091751.0
008 140925s2015 nyua j 000 1 eng d
010 _a 2014952531
020 _a9780062294197
_q(trade binding)
020 _a0062294199
_q(trade binding)
020 _a9780062294180
_q(paperback)
020 _a0062294180
_q(paperback)
035 _a(OCoLC)ocn885225394
040 _aYDXCP
_beng
_cYDXCP
_dBTCTA
_dOCLCQ
_dJAO
_dBDX
_dOCLCQ
_dJAO
_dOCLCQ
_dKYB
_dVPW
_dOI6
_dCGP
_erda
_dJSE
_dOCLCO
_dOCLCF
_dOCLCO
_dNDS
_dOCLCO
_dOCL
_dOCLCO
_dDLC
042 _alccopycat
050 0 0 _aPZ7.D79
_bIas 2015
082 0 4 _a[E]
_223
100 1 _aScotton, Rob
245 1 0 _aI scream for ice cream /
_cbased on the creation of Rob Scotton
260 _aNew York :
_bHarper Collins,
_c2015
300 _a28 pages :
_bcolor illustrations ;
_c24 cm.
336 _atext
_2rdacontent
337 _aunmediated
_2rdamedia
338 _avolume
_2rdacarrier
490 1 _aI can read! 1, Beginning reading
500 _aAt head of title: Splat the Cat.
500 _a"Based on the creation by Rob Scotton"--Cover.
505 _aJ
520 _aSplat and his class go on a field trip to an ice cream factory. Splat can barely sit still during the bus ride. He's imagining the mountain of ice cream he thinks he'll get to eat! But when Splat gets there, that mountain becomes more of an avalanche. It's up to Splat and his classmates to save the day! Beginning readers will practice the -eam sound in this easy-to-read addition to the Splat series.
521 1 _a470
_bLexile AD
521 0 _aJ
_bRaz-Plus
650 0 _aCats
_vJuvenile fiction.
650 0 _aIce cream, ices, etc.
_vJuvenile fiction.
650 0 _aSchool field trips
_vJuvenile fiction.
650 0 _aSplat the Cat (Fictitious character)
650 1 _aCats
_vFiction.
650 1 _aIce cream, ices, etc.
_vFiction.
650 1 _aSchool field trips
_vFiction.
650 1 _aHumorous stories.
650 7 _aCats.
_2fast
_0(OCoLC)fst00849374
650 7 _aIce cream, ices, etc.
_2fast
_0(OCoLC)fst00966558
650 7 _aSchool field trips.
_2fast
_0(OCoLC)fst01107418
650 7 _aSplat the Cat (Fictitious character)
_2fast
_0(OCoLC)fst01895503
655 7 _aFiction.
_2fast
_0(OCoLC)fst01423787
655 7 _aHumorous fiction.
_2fast
_0(OCoLC)fst01726649
655 7 _aJuvenile works.
_2fast
_0(OCoLC)fst01411637
655 7 _aHumorous fiction.
_2lcgft
700 1 _aScotton, Rob,
_ecreator.
700 1 _aFarley, Rick,
_eillustrator.
700 1 _aEberz, Robert,
_eillustrator.
906 _a7
_bcbc
_ccopycat
_d2
_encip
_f20
_gy-gencatlg
942 _2ddc
_cBK
_n0
999 _c3935
_d3935